000 02115cam a2200181 4500500
005 20260322010151.0
041 _afre
042 _adc
100 1 0 _aChapon-Crouzet, Nathalie
_eauthor
700 1 0 _aNeyrand, Gérard
_eauthor
245 0 0 _aIntroduction
260 _c2005.
500 _a88
520 _aCet article théorico-clinique propose de déplacer la lecture individualisante et décontextualisée que l’on porte habituellement sur le concept de haine vers le contexte systémique, et donc interactionnel, de la séparation parentale hautement conflictuelle. Dans ce contexte, la haine est définie comme une orientation émotionnelle structurée qui essentialise l’autre et justifie son exclusion, articulée autour de trois composantes : (1) attributions négatives stables envers l’ex-partenaire, (2) vécu d’impuissance à se faire entendre ou à influencer la relation, (3) tendance à l’élimination du lien. Nous envisageons de présenter la haine comme processus graduel au travers d’une vignette clinique illustrant la trajectoire du désaccord à la haine, via des boucles d’escalade symétriques et des triangulations.
520 _aThis theoretical-clinical article proposes moving away from the usual individualistic and decontextualized understanding of hatred toward a systemic, interactional perspective within the context of high-conflict parental separation. In this context, hatred is defined as a structured emotional orientation that essentializes the other and justifies their exclusion, organized around three components: (1) stable negative attributions toward the ex-partner, (2) a sense of powerlessness to be heard or influence the relationship, and (3) a tendency toward relational elimination. We conceptualize hatred as a gradual process and illustrate the trajectory from disagreement to hatred through a clinical vignette, highlighting symmetrical escalation loops and triangulations.
786 0 _nDialogue | 167 | 1 | 2005-03-01 | p. 3-6 | 0242-8962
856 4 1 _uhttps://shs.cairn.info/revue-dialogue-2005-1-page-3?lang=fr&redirect-ssocas=7080
999 _c1754480
_d1754480